Online katalóg knižníc regiónu Turca

Lekcie z nenávisti (Record no. 21281)

MARC details
000 -LEADER
fixed length control field 01310cam a2200385 4500
001 - CONTROL NUMBER
control field 21281
003 - CONTROL NUMBER IDENTIFIER
control field VRT
005 - DATE AND TIME OF LATEST TRANSACTION
control field 20260226084908.0
008 - FIXED-LENGTH DATA ELEMENTS--GENERAL INFORMATION
fixed length control field 220805s2022 xo e 010 f slo
015 ## - NATIONAL BIBLIOGRAPHY NUMBER
National bibliography number SNBA2023/03
020 ## - INTERNATIONAL STANDARD BOOK NUMBER
International Standard Book Number 9788056909959
Qualifying information (viazané)
039 #9 - LEVEL OF BIBLIOGRAPHIC CONTROL AND CODING DETAIL [OBSOLETE]
Level of rules in bibliographic description 202601011507
Level of effort used to assign nonsubject heading access points csnk01
Level of effort used to assign subject headings 202303131615
Level of effort used to assign classification msnk159
Level of effort used to assign subject headings 202303101456
Level of effort used to assign classification msnk176
Level of effort used to assign subject headings 202303101444
Level of effort used to assign classification msnk176
040 ## - CATALOGING SOURCE
Original cataloging agency MIZKGZ
Language of cataloging slo
Transcribing agency MIZKGZ
Modifying agency SNK
Description conventions rda
041 0# - LANGUAGE CODE
Language code of text/sound track or separate title slo
044 ## - COUNTRY OF PUBLISHING/PRODUCING ENTITY CODE
MARC country code xo
ISO country code SK
072 #7 - SUBJECT CATEGORY CODE
Subject category code 821.162.4-3
Subject category code subdivision Slovenská próza
Source konspekt
080 ## - UNIVERSAL DECIMAL CLASSIFICATION NUMBER
Universal Decimal Classification number 821.162.4-31
Edition identifier 2011
080 ## - UNIVERSAL DECIMAL CLASSIFICATION NUMBER
Universal Decimal Classification number (0:82-993)
Edition identifier 2011
100 1# - MAIN ENTRY--PERSONAL NAME
Personal name Monošová, Martina,
Dates associated with a name 1972-
Relationship aut
245 10 - TITLE STATEMENT
Title Lekcie z nenávisti
Statement of responsibility, etc. Martina Monošová
250 ## - EDITION STATEMENT
Edition statement 2. vydanie
264 #1 - PRODUCTION, PUBLICATION, DISTRIBUTION, MANUFACTURE, AND COPYRIGHT NOTICE
Place of production, publication, distribution, manufacture Bratislava
Name of producer, publisher, distributor, manufacturer Marenčin PT
Date of production, publication, distribution, manufacture, or copyright notice 2022
300 ## - PHYSICAL DESCRIPTION
Extent 252 strán
Dimensions 21 cm
336 ## - CONTENT TYPE
Content type term text
Content type code txt
Source rdacontent
337 ## - MEDIA TYPE
Media type term bez média
Media type code n
Source rdamedia
338 ## - CARRIER TYPE
Carrier type term zväzok
Carrier type code nc
Source rdacarrier
500 ## - GENERAL NOTE
General note Obsahuje biografické údaje o autorke na záložke prebalu publikácie
655 #7 - INDEX TERM--GENRE/FORM
Genre/form data or focus term slovenské romány
Source of term SNKPH
655 #7 - INDEX TERM--GENRE/FORM
Genre/form data or focus term Slovak fiction
Source of term SNKPHeng
655 #7 - INDEX TERM--GENRE/FORM
Genre/form data or focus term Erotic novels
Source of term SNKPHeng
655 #7 - INDEX TERM--GENRE/FORM
Genre/form data or focus term erotické romány
Source of term SNKPH
942 ## - ADDED ENTRY ELEMENTS (KOHA)
Source of classification or shelving scheme Dewey Decimal Classification
Koha item type Krásna literatúra pre dospelých
Suppress in OPAC No
949 ## - LOCAL PROCESSING INFORMATION (OCLC)
6 17A1494122
a snkSC 199171
b snk2022/14625
o 1637/2022
949 ## - LOCAL PROCESSING INFORMATION (OCLC)
6 17A1494123
a snkSC 199171 D1
b snk2022/14626
o 1637/2022
Holdings
Stav vyradenia Strata Poškodenie Spôsob nadobudnutia Domovská knižnica Aktuálna knižnica Dátum nadobudnutia Total checkouts Čiarový kód exemplára Date last seen Typ exemplára
      Dar Obecná knižnica Turčianska Štiavnička Obecná knižnica Turčianska Štiavnička 26.02.2026   4738000039 26.02.2026 Krásna literatúra pre dospelých
Projekt je podporený Slovenskou asociáciou knižníc
Prevádzkuje Turčianska knižnica Martin 2026